Ernst und Scherz fürs Kriegerherz /

Other Authors: Kamshoff, Otto, 1867-1920
Language: German
Published: Warnsdorf : Druck und Kommissionsverlag von Ambr. Opitz, 1915
Physical Description: 68 stran ; 23 cm
Language note: Tištěno švabachem
Book
Saved in:
LEADER 01122nam a22003377i 4500
001 001932982
003 CZ BrMZK
005 20250417133739.0
007 ta
008 250417s1915 xr er|||||||||||ger d
015 |a cnb002645082 
020 |q (Brožováno) 
040 |a ABA001  |b cze  |c ABA001  |d BOA001  |e rda 
072 7 |a 821-1/-8  |x Literatura různých forem a žánrů  |2 Konspekt  |9 25 
080 |a 82-7  |2 MRF 
080 |a (0:82-36)  |2 MRF 
245 0 0 |a Ernst und Scherz fürs Kriegerherz /  |c aus Zeitungen gesammelt von Otto Kamshoff 
264 1 |a Warnsdorf :  |b Druck und Kommissionsverlag von Ambr. Opitz,  |c 1915 
300 |a 68 stran ;  |c 23 cm 
336 |a text  |b txt  |2 rdacontent 
337 |a bez média  |b n  |2 rdamedia 
338 |a svazek  |b nc  |2 rdacarrier 
546 |a Tištěno švabachem 
650 0 7 |a humor  |7 ph117205  |2 czenas 
655 7 |a anekdoty  |7 fd131798  |2 czenas 
700 1 |a Kamshoff, Otto,  |d 1867-1920  |7 mzk2009543957  |4 com 
910 |a BOA001  |b 2-0168.339 
990 |a BK 
993 |a Y 
991 |b 202504 
996 6 |b 2618791924  |c 2-0168.339  |l MZK  |r Sklad / do 24 hodin  |n 0  |w 002002777  |u 000010  |a 1  |e BOA001  |j MZK50  |s P